| 000 | 00344nam a2200145Ia 4500 | ||
|---|---|---|---|
| 008 | 150201s2010 xx 000 0 und d | ||
| 082 |
_a617.51 _bD10D |
||
| 100 | _aDHINGRA, P.L. | ||
| 245 | _aDISEASES OF EAR , NOSE AND THROAT | ||
| 250 | _a5TH | ||
| 260 |
_bELSEVIER _aDELHI _c2010 |
||
| 300 | _a1-486 | ||
| 650 | _aE.N.T. | ||
| 942 |
_2ddc _cBK _014 |
||
| 999 |
_c220 _d220 |
||